000 00723nam a2200193 a 4500
001 000038648
005 20240307073948.0
008 130417s1999 dr 000 0 spa d
040 _aDO-SdBNP
_bspa
_cBNPHU
245 0 0 _aAl filo del agua XX años de poesía dominicana (1979-1999) /
_cEstudio preliminar, selección y notas de Miguel Antonio Jiménez.
260 _aSanto Domingo :
_b(UASD),
_c1999.
300 _a2 t. : ;
_c23 cm.
490 1 _aColección horizonte I
_v2
500 _aLa Biblioteca posee el t. 2
700 1 _aJiménez, Miguel Antonio
_923568
710 1 _aTaller Literario César Vallejo
_964980
710 1 _aUniversidad Autónoma de Santo Domingo
_972951
830 0 _aColección horizonte I
_n2
_964981
999 _c38138
_d38138